Jaeden Martell - Roles by Picture - Statistics

General Stats
  • This quiz has been taken 8 times
  • The average score is 5 of 16
Answer Stats
Picture Answer % Correct
Bill Denbrough
75%
Craig
50%
Jacob Barber
38%
Jacob Thrombey
38%
6 Year Old Me
25%
Aiden Hall
25%
Alton
25%
Anthony
25%
Henry Carpenter
25%
Johnny Masters
25%
Kevin Schlieb
25%
Mitchell Woodside
25%
Oliver Bronstein
25%
Paul Harker
25%
Peter
25%
Walter
25%
No matching quizzes found
Score Distribution
Percent of People with Each Score
Percentile by Number Answered
Your Score History
You have not taken this quiz